Statistics for French Seasons

Click here to take the quiz!

General Stats

  • This quiz has been taken 143 times
    (136 since last reset)
  • The average score is 6 of 11

Answer Stats

HintAnswer% Correct
Summerl'été
87%
Winterl'hiver
87%
Autumnl'automne
73%
Springle printemps
73%
in summeren été
53%
in winteren hiver
53%
in autumnen automne
47%
in springau printemps
33%
My favorite season is summertime.Ma saison préférée est l'été.
20%
What is your favorite season ?Quelle est votre saison préférée ?
20%
What is the weatler like in France in the spring ?Quel temps fait-il en France au printemps ?
13%

Score Distribution

Percentile by Number Answered

Percent of People with Each Score

Your Score History

You have not taken this quiz since the last reset